000 00723nam a2200229 a 4500
001 000041007369
003 AuCNLKIN
005 20150408114138.0
008 061026s2007 maua b 001 0 eng
020 _a032141506X
040 _aMa-Un
082 0 0 _a005.74
_222
100 1 _aElmasri, Ramez.
_95365
245 1 0 _aFundamentals of database systems /
_cRamez Elmasri, Shamkant B. Navathe.
250 _a5th ed., Pearson international ed.
260 _aBoston :
_bPearson Addison Wesley,
_cc2007.
300 _axxviii, 1123 p. :
_bill. ;
_c24 cm.
504 _aIncludes bibliographical references (p. 1051-1079) and index.
650 0 _aDatabase management.
700 1 _aNavathe, Sham.
_95366
942 _2ddc
_cBOOK
999 _c30515
_d265015